000 01147nam a2200325 i 4500
001 bg
100 1 _aŁUKANISZYN, Marian
245 1 0 _aKomputerowe modelowanie bezszczotkowych silników tarczowych wzbudzanych magnesami trwałymi /
_cMarian Łukaniszyn, Rafał Wróbel, Mariusz Jagieła ; pod red. Mariana Łukaniszyna.
260 _aOpole :
_bOficyna Wydawnicza PO,
_c2002.
300 _a150 s. :
_bil. ;
_c24 cm.
490 1 _aStudia i Monografie / Politechnika Opolska,
_x1429-6063 ;
_vz. 132
500 _aStreszcz. ang.
504 _aBibliogr.
650 9 _aMagnes
_xstosowanie
650 9 _aModele matematyczne
_xstosowanie
_xtechnika
650 9 _aPole magnetyczne
_xbadanie
650 9 _aSilniki elektryczne
_xprojekty
650 9 _aSymulacja
_xstosowanie
_xtechnika
655 _aPodręczniki
700 1 _aWRÓBEL, Rafał
700 1 _aJAGIEŁA, Mariusz
830 0 _aStudia i Monografie (Politechnika Opolska) ;
_vz. 132
020 _a8388492349
040 _cBPK
041 0 _apol
_beng
080 _a621.313.13:537.8:519.876.5
920 _a83-88492-34-9
942 _cKS
008 s pl f |000 0 pol
999 _c42830
_d42830
856 _uhttp://koha.tu.koszalin.pl/cgi-bin/koha/opac-detail.pl?biblionumber=42830
_yKatalog online BPK